000 00477nam a2200181Ia 4500
001 13477
005 20260306164804.0
008 260306t2014||||xx |||||||||||||| ||spa||
041 _aESP
082 _a004.22
_bP28 2014
100 _aPatterson, David A.
_eAUT
245 0 _aComputer organization and design:
_bthe hardware / software interface
260 _c2014
300 _axxii, 575 páginas :
_c23 cm.
650 _aGEN
654 _aCCC
942 _cLIB
_dJUS
_fJUS
_2ddc
_n
999 _c13477
_d13477